Latviešu valodas dialektu atlants. - Rīga : Zinātne [Rezension]

Titel: Latviešu valodas dialektu atlants. - Rīga : Zinātne [Rezension]
Verfasser:
In: Latvijas Zinātņu Akadēmija: Latvijas Zinātnu Akadēmijas vēstis. A daļa, Sociālās un humanitārās zinātnes, Band 54, Heft 3/4 (608/609) (2000), Seite 149-150
alle Artikel anzeigen
Veröffentlicht: 2000
Format: Aufsatz
Sprache: Lettisch
Kein Bild verfügbar
X
alg: 39485237
001A    $01999:12-11-16 
001B    $01999:03-08-21 $t21:04:25.000 
001D    $01999:12-11-16 
001U    $0utf8 
001X    $00 
002@    $0Aox 
003@    $0394852370 
007A    $0394852370 $aHEB 
007T    $0Herd73435 
010@    $alav 
011@    $a2000 
021A    $aLatviešu valodas dialektu atlants. - Rīga : Zinātne [Rezension] 
028A    $aJaškin $dIvan 
031A    $d54 $e3/4 (608/609) $h149-150 $j2000 
039B    $aIn $8--Abvc--Latvijas Zinātņu Akadēmija [Tb1]. Latvijas Zinātnu Akadēmijas vēstis. A daļa, Sociālās un humanitārās zinātnes. - Rīgā, 1992-. - ISSN 0868-6556 $x200000000540003851 $9048608599 
039T    $8--Acu--. Latviešu valodas dialektu atlants. - Rīga : Zinātne. - ISBN 5-7966-1036-8 $9094505101 
045F    $a900.94796 $eDDC23BSB 
045F/01 $a900 
045F/03 $g4796 
045T    $a24 $a7,44 

lok: 39485237 78

exp: 39485237 78 1 #EPN
201B/01 $018-11-16 $t12:56:31.000 
201U/01 $0utf8 
203@/01 $0791150976 
208@/01 $a12-11-16 $be 
209A/01 $a/ $f000 $x00 
220C/01 $aTitelaufnehmer: pk 
244Z/01 $2Trx $#Latvija $#Lettland $#Łotwa $#Lotyšsko $8--Trx--Latvija $x01 $9391275879 
244Z/01 $2Trx $#arvustused $#recenzijos $#Reviews $#recenziók $#recenzje $#recenzie $#recenze $8--Trx--Rezensionen $x02 $9391357441 
247C/01 $82080>Marburg/Lahn, Herder-Institut, Forschungsbibliothek, Bibliographieportal $9336309341
LEADER 00000caa a22000002c 4500
001 394852370
003 DE-603
005 20210803210425.0
007 tu
008 161112s2000 xx |||| | u00||u|lav c
035 |a (DE-599)HEB394852370 
040 |a DE-603  |b ger  |c DE-603  |d DE-603 
041 |a lav 
082 0 4 |8 1\u  |a 900.94796  |q DE-101  |2 23/BSB 
084 |a 24  |a 7,44  |2 ssgn 
085 |8 1\u  |b 900 
085 |8 1\u  |z 2  |s 4796 
100 1 |a Jaškin, Ivan 
245 0 0 |a Latviešu valodas dialektu atlants. - Rīga : Zinātne [Rezension] 
264 0 |c 2000 
773 0 8 |i In  |a Latvijas Zinātņu Akadēmija  |t Latvijas Zinātnu Akadēmijas vēstis. A daļa, Sociālās un humanitārās zinātnes  |d Rīgā, 1992-  |x 0868-6556  |g Band 54, Heft 3/4 (608/609) (2000), Seite 149-150  |w (DE-603)048608599  |w (DE-600)1116654-X 
787 0 8 |i Rezension von  |t Latviešu valodas dialektu atlants  |d Rīga : Zinātne  |z 5796610368  |w (DE-603)094505101 
924 0 |9 2080  |a (DE-603)791150976  |b DE-2080  |c HES  |d d  |g /